00769nam a2200145 a 4500008004100000050001900041100001900060245014500079260011100224350000900335650004300344995009500387999001700482952012400499070523s2006 ||||||||||||||||| || u aTHESIS/STUDENT aMukwato, Jamie13aAn evaluation of public awareness strategy in solid waste management; a case of Lusaka City CouncilcThesis supervised by Mr. Muwowo Francis aKitwebCopperbelt University, School of Built Environment, Department of Urban and Regional Planningc2006 a0.00 aSOLID WASTE MANAGEMENT--LUSAKA--ZAMBIA D0.00FCBU-MAIN LIBRARY (Kitwe)H1I0.00M1UAVAILABLEWMay 23, 2007ZUniversity Collection c42681d42681 00102lcc4070a001b001cUniversity Collectiond2022-11-30l0oTHESIS/STUDENTpZ03002032r2022-11-30w2022-11-30y002